Wszyscy Zwycięzcy Ligi Francuskiej - Statystyki

Ogólne statystyki
  • Ten quiz został rozwiązany 23 razy
  • Średni wynik to 4 z 18
Statystyki odpowiedzi
Ilość Klub % Poprawnych
12 Paris Saint-Germain F.C.
91%
8 AS Monaco FC
70%
7 Olympique Lyon
48%
10 AS Saint-Étienne
35%
4 LOSC Lille
26%
1 Montpellier HSC
22%
9 Olympique Marseille
22%
4 OGC Nice
17%
6 Bordeaux
13%
1 AJ Auxerre
9%
1 RC Lens
9%
1 RC Strasbourg Alsace
9%
6 Stade Reims
9%
2 FC Sochaux-Montbéliard
4%
1 Club Olympique de Roubaix-Tourcoing
0%
1 Olympique lillois
0%
1 Racing Club de France
0%
2 Sporting Club Sétois
0%
Nie znaleziono quizów pasujących do podanych kryteriów
Rozkład punktacji
Procent ludzi z każdym wynikiem
Percentyl według liczby udzielonych odpowiedzi
Twoja historia wyników
Nie rozwiązałeś tego quizu